000 00905cam a2200253 a 4500
999 _c4962
_d4962
003 ALUPE UNIVERSITY
005 20220331130946.0
008 821019s1982 dcua b 001 0 eng
020 _a0309032792 (pbk.)
040 _cALUPE UNIVERSITY
050 0 0 _aR726.5
_b.H43 1982
245 0 0 _aHealth and behavior :
_bfrontiers of research in the biobehavioral sciences /
_cedited by David A. Hamburg, Glen R. Elliott, and Delores L. Parron.
260 _aWashington, D.C. :
_bNational Academy Press,
_cc1982.
300 _axiii, 359 p. :
_bill. ;
_c23 cm.
440 0 _aIOM publication ;
_v82-010
504 _aIncludes bibliographies and index.
650 0 _aMedicine and psychology.
650 0 _aSocial medicine.
700 1 _aHamburg, David A.,
_d1925-2019.
700 1 _aElliott, Glen R.
700 1 _aParron, Delores L.
906 _a7
_bcbc
_corignew
_d2
_eopcn
_f19
_gy-gencatlg
942 _2lcc
_cBK